000
00306nam a2200121Ia 4500
008
191201s2005 xx 000 0 und d
100
_a
JAIN VISHAV BHARTI (Pub.)
245
0
_a
Aatma Ka Darsan
260
_a
N. delhi
_b
Jain Vishav Bharti
_c
2005
300
_a
461
650
_a
General Books
942
_2
ddc
_c
BK
_0
1
999
_c
728
_d
728